<?xml version="1.0" encoding="UTF-8"?>
<collection xmlns="http://www.loc.gov/MARC21/slim">
    <record>
        <controlfield tag="001">96435</controlfield>
        <controlfield tag="005">20201120151207.0</controlfield>
        <datafield tag="037" ind1=" " ind2=" ">
            <subfield code="a">TAZ-TFG-2020-3780</subfield>
        </datafield>
        <datafield tag="041" ind1=" " ind2=" ">
            <subfield code="a">spa</subfield>
        </datafield>
        <datafield tag="100" ind1="1" ind2=" ">
            <subfield code="a">Martínez Cárdenas, Silvia</subfield>
        </datafield>
        <datafield tag="242" ind1="0" ind2="0">
            <subfield code="a">Contagious ecthyma: bibliographic study and analysis of the disease.</subfield>
        </datafield>
        <datafield tag="245" ind1="0" ind2="0">
            <subfield code="a">Ectima contagioso ovino: estudio bibliográfico y análisis de la enfermedad.</subfield>
        </datafield>
        <datafield tag="260" ind1=" " ind2=" ">
            <subfield code="a">Zaragoza</subfield>
            <subfield code="b">Universidad de Zaragoza</subfield>
            <subfield code="c">2020</subfield>
        </datafield>
        <datafield tag="506" ind1=" " ind2=" ">
            <subfield code="a">by-nc-sa</subfield>
            <subfield code="b">Creative Commons</subfield>
            <subfield code="c">3.0</subfield>
            <subfield code="u">http://creativecommons.org/licenses/by-nc-sa/3.0/</subfield>
        </datafield>
        <datafield tag="520" ind1=" " ind2=" ">
            <subfield code="a">El ectima contagioso ovino, también conocido comúnmente como boquera, es una enfermedad muy contagiosa producida por un virus ADN del género Parapoxvirus, el virus del ectima contagioso o virus orf según la literatura inglesa. Afecta sobre todo a las especies ovina y caprina pero también se han descrito casos en bovinos y otros ungulados e incluso en perros. &lt;br />Se distribuye mundialmente y en muchos territorios es endémica. Genera grandes pérdidas económicas tanto en países  desarrollados como en otros donde la ganadería y la agricultura son la única forma de subsistencia. Además, es una zoonosis profesional.&lt;br />El virus del ectima es un virus epiteliotropo por lo que produce un cuadro cutáneo eruptivo en el que se pueden observar sobre todo vesículas y costras. No genera grandes cifras de mortalidad pero su incidencia es muy alta y además resiste muy bien en el medio ambiente. Asimismo su capacidad de evasión del sistema inmune para conseguir infectar tanto a nuevos individuos como reinfectar a otros que ya lo han albergado es compleja y en parte aún desconocida.&lt;br />En esta revisión bibliográfica se recopilará la información publicada hasta el momento acerca de la etiología, inmunidad y patogenia, cuadro clínico, diagnóstico, tratamiento y prevención del ectima contagioso para finalmente analizar las pérdidas económicas que genera así como las repercusiones negativas sobre el bienestar de los animales afectados por la enfermedad.&lt;br />&lt;br /></subfield>
        </datafield>
        <datafield tag="521" ind1=" " ind2=" ">
            <subfield code="a">Graduado en Veterinaria</subfield>
        </datafield>
        <datafield tag="540" ind1=" " ind2=" ">
            <subfield code="a">Derechos regulados por licencia Creative Commons</subfield>
        </datafield>
        <datafield tag="700" ind1=" " ind2=" ">
            <subfield code="a">Ferrer Mayayo, Luis Miguel</subfield>
            <subfield code="e">dir.</subfield>
        </datafield>
        <datafield tag="700" ind1=" " ind2=" ">
            <subfield code="a">Ortín Pérez, Aurora</subfield>
            <subfield code="e">dir.</subfield>
        </datafield>
        <datafield tag="710" ind1="2" ind2=" ">
            <subfield code="a">Universidad de Zaragoza</subfield>
            <subfield code="b">Patología Animal</subfield>
            <subfield code="c">Medicina y Cirugía Animal</subfield>
        </datafield>
        <datafield tag="856" ind1="0" ind2=" ">
            <subfield code="f">729041@unizar.es</subfield>
        </datafield>
        <datafield tag="856" ind1="4" ind2=" ">
            <subfield code="s">1015780</subfield>
            <subfield code="u">http://zaguan.unizar.es/record/96435/files/TAZ-TFG-2020-3780.pdf</subfield>
            <subfield code="y">Memoria (spa)</subfield>
        </datafield>
        <datafield tag="909" ind1="C" ind2="O">
            <subfield code="o">oai:zaguan.unizar.es:96435</subfield>
            <subfield code="p">driver</subfield>
            <subfield code="p">trabajos-fin-grado</subfield>
        </datafield>
        <datafield tag="950" ind1=" " ind2=" ">
            <subfield code="a"></subfield>
        </datafield>
        <datafield tag="951" ind1=" " ind2=" ">
            <subfield code="a">deposita:2020-11-20</subfield>
        </datafield>
        <datafield tag="980" ind1=" " ind2=" ">
            <subfield code="a">TAZ</subfield>
            <subfield code="b">TFG</subfield>
            <subfield code="c">VET</subfield>
        </datafield>
        <datafield tag="999" ind1=" " ind2=" ">
            <subfield code="a">20200914191624.CREATION_DATE</subfield>
        </datafield>
    </record>

    
</collection>